स्वतंत्र एवं निशपक्ष चुनाव में निर्वाचन आयोग की भूमिका / (Record no. 200220)
[ view plain ]
| 000 -LEADER | |
|---|---|
| fixed length control field | 01264nam a22001937a 4500 |
| 005 - DATE AND TIME OF LATEST TRANSACTION | |
| control field | 20240202125427.0 |
| 010 ## - LCCN (DPL NO) | |
| LC control number | B-757259-262 |
| 020 ## - INTERNATIONAL STANDARD BOOK NUMBER | |
| Terms of availability | 975.00 |
| International Standard Book Number | 9789393247070 |
| 035 ## - SYSTEM CONTROL NUMBER | |
| System control number | B-757259-262 |
| 037 ## - SOURCE OF ACQUISITION | |
| Source of stock number/acquisition | अंकुर प्रकाशन |
| 082 ## - DEWEY DECIMAL CLASSIFICATION NUMBER | |
| Classification number | 320 |
| 100 ## - MAIN ENTRY--PERSONAL NAME | |
| Personal name | अमित कुमार |
| 245 ## - TITLE STATEMENT | |
| Title | स्वतंत्र एवं निशपक्ष चुनाव में निर्वाचन आयोग की भूमिका / |
| Statement of responsibility, etc | अमित कुमार |
| 260 ## - PUBLICATION, DISTRIBUTION, ETC. (IMPRINT) | |
| Place of publication, distribution, etc | दिल्ली |
| Name of publisher, distributor, etc | अंकुर प्रकाशन |
| Date of publication, distribution, etc | 2022 |
| 270 ## - ADDRESS | |
| Address | 526, प्रथम तल,स्ट्रीट नं. 5, विजय पार्क, मौज पुर |
| City | दिल्ली |
| Postal code | 110053 |
| 300 ## - PHYSICAL DESCRIPTION | |
| Extent | 311पृष्ट.; |
| Dimensions | 22सेमी (सजिल्द) |
| 942 ## - ADDED ENTRY ELEMENTS (KOHA) | |
| Source of classification or shelving scheme | Dewey Decimal Classification |
| Item type | Hindi Books |
| Classification part | 320 |
| Call number suffix | अमित |
| Withdrawn status | Lost status | Not for loan | Collection code | Home library | Current library | Date acquired | Source of acquisition | Cost, normal purchase price | Full call number | Barcode | Copy number | Cost, replacement price | Koha item type |
|---|---|---|---|---|---|---|---|---|---|---|---|---|---|
| Non-fiction | Ashok Vihar | Ashok Vihar | 02/02/2024 | अंकुर बुक डिस्ट्रीब्यूटरस/ABD/095/13.12.23/68/12.12.23/21.12.23 | 975.00 | 320 अमित | B-757260 | 1 | 975.00 | Hindi Books | |||
| Non-fiction | Central Library | Central Library | 02/02/2024 | अंकुर बुक डिस्ट्रीब्यूटरस/ABD/095/13.12.23/68/12.12.23/21.12.23 | 975.00 | 320 अमित | B-757259 | 1 | 975.00 | Hindi Books | |||
| Non-fiction | Patel Nagar | Patel Nagar | 02/02/2024 | अंकुर बुक डिस्ट्रीब्यूटरस/ABD/095/13.12.23/68/12.12.23/21.12.23 | 975.00 | 320 अमित | B-757261 | 1 | 975.00 | Hindi Books | |||
| Non-fiction | Shahdara Branch | Shahdara Branch | 02/02/2024 | अंकुर बुक डिस्ट्रीब्यूटरस/ABD/095/13.12.23/68/12.12.23/21.12.23 | 975.00 | 320 अमित | B-757262 | 1 | 975.00 | Hindi Books |
